भोर उगे सांझ ढले/ (Record no. 117567)

MARC details
000 -LEADER
fixed length control field 01019nam a22002537a 4500
005 - DATE AND TIME OF LATEST TRANSACTION
control field 20170124103057.0
010 ## - LIBRARY OF CONGRESS CONTROL NUMBER
LC control number B-158047
020 ## - INTERNATIONAL STANDARD BOOK NUMBER
Terms of availability 100
035 ## - SYSTEM CONTROL NUMBER
System control number B-158047
037 ## - SOURCE OF ACQUISITION
Source of stock number/acquisition Cen Lib/Ret
040 ## - CATALOGING SOURCE
Original cataloging agency DPL
Language of cataloging HN
082 ## - DEWEY DECIMAL CLASSIFICATION NUMBER
Classification number
Item number सहर
100 ## - MAIN ENTRY--PERSONAL NAME
Personal name सहर, गोपाल
9 (RLIN) 75464
245 ## - TITLE STATEMENT
Title भोर उगे सांझ ढले/
Statement of responsibility, etc गोपाल सहर
Remainder of title कहानी संकलन
246 ## - VARYING FORM OF TITLE
Title proper/short title Bhor uge sanj dhale /
Remainder of title by Gopal Sahar
260 ## - PUBLICATION, DISTRIBUTION, ETC. (IMPRINT)
Place of publication, distribution, etc जयपुर
Name of publisher, distributor, etc म.बी पब्लिशर्स
Date of publication, distribution, etc 2003
270 ## - ADDRESS
Address मिश्रराज जी सस्ता चांदपोल बाज़ार
City जयपुर
300 ## - PHYSICAL DESCRIPTION
Extent 91पृ.
Dimensions 21सेमी(सजिल्द )
650 ## - SUBJECT ADDED ENTRY--TOPICAL TERM
Topical term or geographic name as entry element हिंदी साहित्य - कहानिया
General subdivision
Geographic subdivision
9 (RLIN) 75465
650 ## - SUBJECT ADDED ENTRY--TOPICAL TERM
Topical term or geographic name as entry element हिंदी कहानिया
9 (RLIN) 75466
650 ## - SUBJECT ADDED ENTRY--TOPICAL TERM
Topical term or geographic name as entry element Hindi literature - stories
Form subdivision
9 (RLIN) 75467
650 ## - SUBJECT ADDED ENTRY--TOPICAL TERM
Topical term or geographic name as entry element Hindi stories
9 (RLIN) 75468
942 ## - ADDED ENTRY ELEMENTS (KOHA)
Source of classification or shelving scheme Dewey Decimal Classification
Koha item type Hindi Books
Classification part
Call number suffix सहर
Holdings
Withdrawn status Lost status Damaged status Not for loan Home library Current library Date acquired Cost, normal purchase price Total Checkouts Full call number Barcode Date last seen Copy number Price effective from Koha item type
        Central Library Central Library 07/09/2015 100.00   क सहर B-158047 07/09/2015 1 07/09/2015 Hindi Books

© Delhi Public Library
Hit Counter
free hit counter